000
00288nam a22001337a 4500
008
170314b xxu||||| |||| 00| 0 eng d
020
_a
0721643833
041
_a
eng
080
_a
611
100
_a
7
101
_a
SHM
245
_a
BASIC HU8MAN PHYSIOLOGY
_c
GUYTON.A.C
942
_2
udc
_c
BK
999
_c
7746
_d
7746